000 004800000a22002050004500
003 LK-CoMWRAF
008 230817t ||||| |||| 00| 0 eng d
040 _aLK-CoMWRAF
_dLK-CoMWRAF
_eLK-CoMWRAF
041 _aeng
082 _a430
_bKAL
100 _aAnanthaKrishana
100 _aNamboodripad,E.M.S
100 _aRamasundaram
100 _aSundararaman,T
245 _aKalvi
_b
260 _aChennai
_bSOUTHVISION
_c2000
300 _ap.96
650 _aTamil
942 _cBK
999 _c497
_d497